000 00556nam a2200169Ia 4500
003 GCL
008 140319s9999 xx 000 0 ara d
040 _aGCL /
_cGCL
082 0 4 _a814.008
_bن س
100 1 _aناصرالدين النشاشيبى
245 1 0 _aسياط الحبر الاسود /
_cناصرالدين النشاشيبى
490 _aالهيئة العامة للاستعلامات
_v0
650 0 4 _aالادب العربى
650 0 4 _aالصحافة
650 0 4 _aالمقالات العربية - مجموعات
942 _2ddc
_cBK
999 _c50110
_d50110